|
|
|
|
| LEADER |
01886nam a2200445 i 4500 |
| 001 |
EBC1565986 |
| 003 |
MiAaPQ |
| 005 |
20200520144314.0 |
| 006 |
m o d | |
| 007 |
cr cnu|||||||| |
| 008 |
140426t20142014cau ob 001 0 eng d |
| 020 |
|
|
|z 9781626561199
|
| 020 |
|
|
|a 9781626561205
|q (electronic bk.)
|
| 035 |
|
|
|a (MiAaPQ)EBC1565986
|
| 035 |
|
|
|a (Au-PeEL)EBL1565986
|
| 035 |
|
|
|a (CaPaEBR)ebr10858276
|
| 035 |
|
|
|a (CaONFJC)MIL594923
|
| 035 |
|
|
|a (OCoLC)876592954
|
| 040 |
|
|
|a MiAaPQ
|b eng
|e rda
|e pn
|c MiAaPQ
|d MiAaPQ
|
| 050 |
|
4 |
|a HF5549.5.A83
|b .L48 2014
|
| 082 |
0 |
|
|a 658.3/140723
|2 23
|
| 100 |
1 |
|
|a Levenson, Alec Robert,
|d 1966-
|e author.
|
| 245 |
1 |
0 |
|a Employee surveys that work :
|b improving design, use, and organizational impact /
|c Alec Levenson.
|
| 250 |
|
|
|a First edition.
|
| 264 |
|
1 |
|a San Francisco, California :
|b Berrett-Koehler Publishers,
|c 2014.
|
| 264 |
|
4 |
|c 2014
|
| 300 |
|
|
|a 1 online resource (158 pages)
|
| 336 |
|
|
|a text
|2 rdacontent
|
| 337 |
|
|
|a computer
|2 rdamedia
|
| 338 |
|
|
|a online resource
|2 rdacarrier
|
| 504 |
|
|
|a Includes bibliographical references and index.
|
| 588 |
|
|
|a Description based on print version record.
|
| 590 |
|
|
|a Electronic reproduction. Ann Arbor, MI : ProQuest, 2015. Available via World Wide Web. Access may be limited to ProQuest affiliated libraries.
|
| 650 |
|
0 |
|a Employee attitude surveys.
|
| 650 |
|
0 |
|a Surveys
|x Methodology.
|
| 650 |
|
0 |
|a Organizational change.
|
| 655 |
|
4 |
|a Electronic books.
|
| 776 |
0 |
8 |
|i Print version:
|a Levenson, Alec Robert, 1966-
|t Employee surveys that work : improving design, use, and organizational impact.
|b First edition.
|d San Francisco, California : Berrett-Koehler Publisher, c2014
|h xvi, 138 pages
|z 9781626561199
|w 2014005294
|
| 797 |
2 |
|
|a ProQuest (Firm)
|
| 856 |
4 |
0 |
|u https://ebookcentral.proquest.com/lib/matrademy/detail.action?docID=1565986
|z Click to View
|